[Event "Regionalliga SW 9697"]
[Site "Bayern"]
[Date "1997.??.??"]
[Round "?"]
[White "Diedrich, Oliver"]
[Black "Englert, Jan"]
[Result "0-1"]
[WhiteElo "1795"]
[BlackElo "1805"]
[PlyCount "44"]
[EventDate "1996.10.??"]
[EventType "team-tourn"]
[EventRounds "9"]
[EventCountry "GER"]
[SourceTitle "EXT 1999"]
[Source "ChessBase"]
[SourceDate "1998.11.16"]
[SourceVersion "1"]
[SourceVersionDate "1998.11.16"]
[SourceQuality "1"]
[WhiteTeam "Noerdlingen"]
[BlackTeam "Garching"]
[WhiteTeamCountry "GER"]
[BlackTeamCountry "GER"]

1. d4 c6 2. c4 d5 3. cxd5 cxd5 4. Nc3 Nf6 5. Nf3 Nc6 6. Bf4 Qb6 7. Qb3 Nxd4 8. Qxb6 Nxf3+ 9. exf3 axb6 10. Nb5 Kd7 11. Nc7 Ra5 12. b4 Ra3 13. Bb5+ Kd8 14. 0-0 e6 15. Rfc1 Bxb4 16. Be3 Rxe3 17. fxe3 Bc5 18. Nxe6+ Bxe6 19. Kf2 Ke7 20. Ke2 Nd7 21. a4 Bd6 22. a5 Nc5 0-1